CDU : (Record no. 191505)
[ view plain ]
| 000 -LEADER | |
|---|---|
| campo de control de longitud fija | 01119nam a2200277 4500 |
| 001 - NÚMERO DE CONTROL | |
| campo de control | 191505 |
| 003 - IDENTIFICADOR DE NÚMERO DE CONTROL | |
| campo de control | ES-MaACL |
| 005 - FECHA Y HORA DE LA ÚLTIMA TRANSACCIÓN | |
| campo de control | 20250727150807.0 |
| 008 - DATOS DE LONGITUD FIJA--INFORMACIÓN GENERAL | |
| campo de control de longitud fija | 220926s2000 sp 001 0 spa |
| 017 ## - NÚMERO DE COPYRIGHT O DE DEPÓSITO LEGAL | |
| Número de copyright o de depósito legal | M 36364-2000 |
| Agencia que asigna | Oficina Depósito Legal Madrid |
| 020 ## - NÚMERO INTERNACIONAL ESTÁNDAR DEL LIBRO | |
| Número Internacional Estándar del Libro | 84-8143-255-5 |
| 080 ## - NÚMERO DE LA CLASIFICACIÓN DECIMAL UNIVERSAL | |
| Número de la Clasificación Decimal Universal | 025.45 CDU (083.74) |
| 245 00 - MENCIÓN DEL TÍTULO | |
| Título | CDU : |
| Resto del título | Clasificación Decimal Universal. |
| 260 ## - PUBLICACIÓN, DISTRIBUCIÓN, ETC. | |
| Lugar de publicación, distribución, etc. | Madrid : |
| Nombre del editor, distribuidor, etc. | Aenor, |
| Fecha de publicación, distribución, etc. | [2000] |
| 300 ## - DESCRIPCIÓN FÍSICA | |
| Extensión | 3 v. ; |
| Dimensiones | 32 cm + |
| Material acompañante/anejo | fe de erratas (3 p.) |
| 500 ## - NOTA GENERAL | |
| Nota general | Sustituye a UNE 50001, diciembre 1995. |
| 500 ## - NOTA GENERAL | |
| Nota general | Guardado en caja. |
| 505 8# - NOTA DE CONTENIDO CON FORMATO | |
| Nota de contenido con formato | Contiene: 1. Tablas sistemáticas (0/5) -- 2. Tablas sistemáticas (6/9) -- 3. Índice alfabético |
| 650 #7 - PUNTO DE ACCESO ADICIONAL DE MATERIA--TÉRMINO DE MATERIA | |
| Término de materia o nombre geográfico como elemento de entrada | Clasificación decimal universal |
| Fuente del encabezamiento o término | embne |
| 9 (RLIN) | 164660 |
| 710 2# - ENTRADA AGREGADA--NOMBRE DE ENTIDAD CORPORATIVA | |
| Nombre de entidad corporativa o nombre de jurisdicción como elemento de entrada | Asociación Española de Normalización y Certificación. |
| 9 (RLIN) | 175273 |
| 852 4# - LOCALIZACIÓN | |
| Ubicación | ES-MaACL |
| Número de control de estantería | A-15143 |
| itemnumber | 198728 |
| Ubicación en estantería | Depósito 1 |
| Signatura antigua | Olim: 025.45 CDU (1995) |
| Designación de la unidad física | Vol.1 |
| 852 4# - LOCALIZACIÓN | |
| Ubicación | ES-MaACL |
| Número de control de estantería | A-15144 |
| Ubicación en estantería | Depósito 1 |
| itemnumber | 198726 |
| Signatura antigua | Olim: 025.45 CDU (1995) |
| Designación de la unidad física | Vol. 2 |
| 852 4# - LOCALIZACIÓN | |
| Ubicación | ES-MaACL |
| Número de control de estantería | A-15145 |
| Ubicación en estantería | Depósito 1 |
| itemnumber | 198727 |
| Signatura antigua | Olim: 025.45 CDU (1995) |
| Designación de la unidad física | Vol.3 |
| 942 ## - ELEMENTOS DE ENTRADA SECUNDARIOS (KOHA) | |
| Fuente del sistema de clasificación o colocación | Clasificación decimal universal |
| Estatus retirado | Estado de pérdida | Fuente del sistema de clasificación o colocación | Estado de daño | No para préstamo | Biblioteca de origen | Biblioteca actual | Ubicación en estantería | Fecha de adquisición | Enumeración/cronología de publicación seriada | Total de préstamos | Signatura topográfica completa | Código de barras | Visto por última vez | Fecha del último préstamo | Precio de reemplazo | Tipo de ítem Koha |
|---|---|---|---|---|---|---|---|---|---|---|---|---|---|---|---|---|
| Clasificación decimal universal | Uso interno | Biblioteca del Ateneo de Madrid | Biblioteca del Ateneo de Madrid | Despachos-biblioteca | 26/09/2022 | v.2 | 1 | A-15144 | 1203876 | 15/10/2025 | 14/10/2025 | 23/02/2023 | Libro impreso | |||
| Clasificación decimal universal | Uso interno | Biblioteca del Ateneo de Madrid | Biblioteca del Ateneo de Madrid | Despachos-biblioteca | 26/09/2022 | v.3 | 1 | A-15145 | 1203877 | 15/10/2025 | 14/10/2025 | 23/02/2023 | Libro impreso | |||
| Clasificación decimal universal | Uso interno | Biblioteca del Ateneo de Madrid | Biblioteca del Ateneo de Madrid | Despachos-biblioteca | 26/09/2022 | v.1 | 1 | A-15143 | 1203875 | 15/10/2025 | 14/10/2025 | 23/02/2023 | Libro impreso |
